000 00529pam a2200217 4500
001 1732152
005 20180220041826.0
008 740426r1974 nyu 000 0 eng
010 _a 74001669
020 _a0405059493
040 _aDLC
_cDLC
_dDLC
041 _aeng
043 _an-us---
080 _a362.7097
082 0 0 _a362.7097 EDM
100 1 _a50
101 _aSOC
245 1 0 _aWorking with rural youth
_c[by] Edmund DeS. Brunner.
906 _a7
_bcbc
_corignew
_d1
_eocip
_f19
_gy-gencatlg
942 _2ddc
_cBK
999 _c42893
_d42893